Introductory horticulture /

Bibliographic Details
Main Author: Reiley, H. Edward
Other Authors: Shry, Carroll L.
Format: Book
Language:English
Published: Albany, N.Y. : Delmar, [1997]
Edition:5th ed.
Subjects:

MARC

Tag First Indicator Second Indicator Subfields
LEADER 00000cam a2200000 a 4500
001 in00001404073
005 20151020054318.0
008 950403s1997 nyua 001 0 eng
010 |a  95015151  
020 |a 082736766X 
035 |a (OCoLC)32347845 
035 |9 AHN1073AM 
040 |a DLC  |c DLC  |d AGL  |d GZM  |d TXA  |d UtOrBLW 
049 |a TXAM 
050 0 0 |a SB318  |b .R43 1997 
070 0 |a SB318.R43  |b 1997 
072 0 |a F110 
082 0 0 |a 635  |2 20 
100 1 |a Reiley, H. Edward. 
245 1 0 |a Introductory horticulture /  |c H. Edward Reiley & Carroll L. Shry, Jr. 
250 |a 5th ed. 
264 1 |a Albany, N.Y. :  |b Delmar,  |c [1997] 
264 4 |c ©1997 
300 |a x, 548 pages :  |b illustrations (some color) ;  |c 29 cm. 
336 |a text  |b txt  |2 rdacontent 
337 |a unmediated  |b n  |2 rdamedia 
338 |a volume  |b nc  |2 rdacarrier 
500 |a Includes index. 
650 0 |a Horticulture. 
700 1 |a Shry, Carroll L. 
948 |a C:BLW  |d 20030315 
999 |a MARS 
999 f f |s 068f833a-89ca-3868-b50d-3cafe25eb67b  |i eacb33ee-fe50-3fbd-a078-3d103155de62  |t 0 
952 f f |p ric  |a Texas A&M University  |b Rellis Campus  |c Joint Library Facility  |d Remote Storage  |t 0  |e SB318 .R43 1997  |h Library of Congress classification  |i unmediated -- volume  |m A14822441960 
998 f f |a SB318 .R43 1997  |t 0  |l Remote Storage